1241 1756 1443 1209 1314 1526 1003 1143 1484 1322 1548 1732 1644 1862 1092 1227 1874 1237 1936 1470 1636 1705 1489 1398 1251 1564 1209 1000 1546 1011 1053 1972 1221 1244 1656 1406 1709 1932 1960 1171 1050 1010 1031 1114 1874 1215 1364 1855 1396 1743 1812 1344 1259 1720 1605 1430 1626 1916 1450 1235 1155 1252 1638 1105 1205 1086 1997 1539 1706 1476 1149 1966 1345 1433 1912 1120 1119 1587 1478 1791 1540 1701 1307 1794 1498 1323 1175 1422 1171 1316 1524 1149 1808 1400 1427 1970 1068 1505 1911 BCNSPRNW ULIB Ver.6.0+V

เปลี่ยนเป็นภาษาไทย

Change to English
 แสดงรายละเอียดบรรณานุกรม
  กลับหน้าหลัก

Brief Record : Get Marc (ISO 2709) : E-mail record : QR code < ปิดหน้าต่าง
LEADER : 00000nam 2200000uu 4500
001    13399110144
003     ULIB
008    110422s2552||||th 000 0 tha d
020    9742944415
060 04 WY105^bน578ก 2552
100 0  นิตยา ศรีญาณลักษณ์
245 10 การบริหารการพยาบาล /^cนิตยา ศรีญาณลักษณ์, บรรณาธิการ
250    พิมพ์ครั้งที่ 3
260    นนทบุรี :^bโครงการสวัสดิการวิชาการ สถาบันพระบรมราชชนกกระทรวงสาธารณสุข,^c2552
300    [13], 379 หน้า ;^c27 ซม.
650  7 การพยาบาล^xการบริหาร
650  7 การบริหารการพยาบาล
710 2  สถาบันพระบรมราชชนก. ^bโครงการสวัสดิการวิชาการ
945    ^p240^l0^i029997
995    เกษร
999    ^aใช้งานได้ทุกระบบ
รายการนี้ยังไม่มีแท็ก
คุณยังไม่ได้ล็อกอิน คุณสามารถมีกิจกรรมร่วมกับเว็บไซต์ได้ แต่ต้องล็อกอินก่อน ::
  ล็อกอิน

รายการสื่อสารสนเทศ

ลำดับที่ ประเภท เลขเรียก/บาร์โค้ด สถานที่ สถานะ
- ไม่พบข้อมูล -

รายการใกล้เคียง
    ผู้แต่ง [นิตยา ศรีญาณลักษณ์]

    หัวเรื่อง [การบริหารการพยาบาล]

BibComment


ยังไม่เคยถูกคอมเมนท์

คอมเมนท์ทรัพยากรรายการนี้
  คอมเมนท์: การบริหารการพยาบา..


 Copyright 2026. Bcnsprnw @Library